000 00456nam a22001457a 4500
003 SGT
082 _a617.7
100 _aSEHRAWAT, SONAKSHI
245 _aA STUDY ON TEAR FILM STABILITY IN PTERYGIUM PATIENTS UNDERGOING SURGERY BY EITHER BARE SCLERA TECHNIQUE WITH MITOMYCIN C OR CONJUCTIVAL AUTOGRAFT TECHNIQUE WITH MITOMYCIN C
260 _aGURUGRAM
_bSGT UNIVERSITY
_c2021
300 _a73
650 _aOPTHALMOLOGY
653 _aM.S
942 _2ddc
_cTH
999 _c26533
_d26533